| 000 | 01093nam a2200301Ia 4500 | ||
|---|---|---|---|
| 001 | Para_5994 | ||
| 003 | CHAP | ||
| 008 | 220125s1988 xx 000 0 und d | ||
| 010 | _a204760 | ||
| 040 | _cCHAP | ||
| 090 | _aPA TESIS 578 | ||
| 100 |
_aLópez-Portillo Guzmán, José Antonio _968487 |
||
| 245 |
_aEstudio histopatológico en raíces de jitomate, atacadas por Meloidogyne incognita raza 1 y Nacobbus aberrans, separadamente 4 en interacción / _c por José Antonio López-Portillo Guzmán |
||
| 260 |
_aChapingo, Méx : _b el autor |
||
| 300 | _a62 h. | ||
| 502 | _aTesis (Ing. Agr. Esp. en Parasitología Agrícola) -- UACh. Departamento Parasitología Agrícola | ||
| 650 |
_aMeloidogyne incognita _974432 |
||
| 650 |
_aNacobbus aberrans _980022 |
||
| 650 |
_aTomate _x enfermedades por nemátodos _9113714 |
||
| 710 |
_aUACh. Departamento Parasitología Agrícola _9164025 |
||
| 901 | _aPA TESIS 578 | ||
| 902 | _aA | ||
| 905 | _a0000001988 0000000000 00 | ||
| 910 | _a1988 | ||
| 942 | _cPARA | ||
| 942 |
_cPARA _d1 |
||
| 999 |
_c204760 _d204760 |
||